00466nam a2200133 a 450000500170000000800410001705000240005810000220008224501070010426000420021130000220025344000250027565000320030020140412111240.0010420s19uu xx 00 eng d aM 611bA44 19_? v.1 aKawaguchi, Dr. Y. aAll about our bodies :bour teeth, 1 /cby Dr. Y. Kawaguchi ; illustrated by A. Kubota and Y. Sakaigi. aTokyo :bFroebel-kan co., ltd,c[n.d. a1v. (unp.) ; ill. aAll about our bodies aTeeth - Juvenile literature